| 000 | 01401nam a22003377a 4500 | ||
|---|---|---|---|
| 003 | CHAP | ||
| 005 | 20220329143825.0 | ||
| 008 | 111011s2009 mx a r 00010 spa d | ||
| 010 | _a102366 | ||
| 011 | _a103338 | ||
| 020 | _a9789708260763 | ||
| 035 | _a114027 | ||
| 040 | _cCHAP | ||
| 082 | 0 | 4 |
_a338.1097252 _bM31 |
| 245 | 0 | 0 |
_aManos y prodigios : _bEstado de México : primeros lugares de producción agropecuaria y forestal en el país _c/ coordinado por Rodrigo Sánchez Arce |
| 260 |
_aToluca, Méx. : _bGobierno del Estado de México, _c2009 |
||
| 300 |
_a283 p. : _bFotografías |
||
| 490 |
_aBiblioteca Mexiquense del Bicentenario. _pColección Mayor. _pEstado de México: patrimonio de un pueblo |
||
| 590 |
_aBATCH-UPD _b10 _c20130110 _lUCH01 _h1728 |
||
| 590 |
_aBATCH-UPD _b10 _c20130410 _lUCH01 _h1000 |
||
| 590 |
_aBATCH-UPD _b10 _c20130914 _lUCH01 _h0725 |
||
| 590 |
_aCONVERSION _b10 _c20130109 _lUCH01 _h1356 |
||
| 650 | 1 | 4 |
_aAgricultura _xAspectos economicos _xMexico (Edo.) _91272 |
| 650 | 1 | 4 |
_aBosques _xAspectos económicos _xMéxico (Edo.) _914077 |
| 650 | 1 | 4 |
_aCultivos _xRendimiento. _930318 |
| 700 | 1 |
_aSánchez Arce, Rodrigo. _9107329 |
|
| 830 |
_aBiblioteca Mexiquense del Bicentenario. _pColección Mayor. _pEstado de México: patrimonio de un pueblo _912425 |
||
| 901 | _aBK | ||
| 942 | _cLIBRO | ||
| 949 |
_a338.1097252 M31 _bBC _cLIBRO _d33724002309488 _eLIBRO _h115972 _i114027 _sb |
||
| 999 |
_c102366 _d102366 |
||